000 00749nam a2200217Ii 4500
003 JO-AjNU
008 230605s9999||||xx |||||||||||||| ||und||
020 _a978-1-56564-628-5
040 _aJO-AjNU
_bara
_erda
_cJO-AjNU
041 _aara
050 1 4 _aBP190.5.F3722 2015
100 3 _aالفاروقي، إسماعيل راجي ، م.مشارك لويس لمياء الفاروقي,
_eauthor
_952247
245 0 0 _aالفنون الإسلامية
250 _aط1
264 3 1 _aفيرجينيا: المعهد العالمي للفكر الاسلامي، 2015
300 _a64ص
336 _atext
_btxt
_2rdacontent
337 _aunmediated
_bn
_2rdamedia
338 _avolume
_bnc
_2rdacarrier
650 4 _aالفن الاسلامي
_952248
999 _aA23133
_c26701
_d26701